Fundamentals of social psychology / (Record no. 1382)

000 -LEADER
fixed length control field 00933cam a2200265 a 4500
003 - CONTROL NUMBER IDENTIFIER
control field UkOxU
005 - DATE AND TIME OF LATEST TRANSACTION
control field 20210627104909.0
008 - FIXED-LENGTH DATA ELEMENTS--GENERAL INFORMATION
fixed length control field 081210s2006 oncac b 001 0 eng
020 ## - INTERNATIONAL STANDARD BOOK NUMBER
International Standard Book Number 9780131275843
020 ## - INTERNATIONAL STANDARD BOOK NUMBER
International Standard Book Number 0131275844
040 ## - CATALOGING SOURCE
Transcribing agency ALUPE UNIVERSITY
050 ## - LIBRARY OF CONGRESS CALL NUMBER
Classification number HM1033
Item number .F85 2006
100 1# - MAIN ENTRY--PERSONAL NAME
Personal name Aronson, Elliot.
245 10 - TITLE STATEMENT
Title Fundamentals of social psychology /
Statement of responsibility, etc. Elliot Aronson ... [et al.].
250 ## - EDITION STATEMENT
Edition statement Canadian ed.
260 ## - PUBLICATION, DISTRIBUTION, ETC.
Place of publication, distribution, etc. Toronto, Ont. :
Name of publisher, distributor, etc. Pearson Prentice Hall,
Date of publication, distribution, etc. c2006.
300 ## - PHYSICAL DESCRIPTION
Extent xxx, 417 p. :
Other physical details ill. (some col.), ports. (some col.) ;
Dimensions 26 cm.
500 ## - GENERAL NOTE
General note Original ed. published as: Social psychology. Upper Saddle River, N.J. : Pearson Education, c2005.
504 ## - BIBLIOGRAPHY, ETC. NOTE
Bibliography, etc. note Includes bibliographical references and indexes.
650 #0 - SUBJECT ADDED ENTRY--TOPICAL TERM
Topical term or geographic name entry element Social psychology
Form subdivision Textbooks.
700 1# - ADDED ENTRY--PERSONAL NAME
Personal name Aronson, Elliot.
Title of a work Social psychology.
942 ## - ADDED ENTRY ELEMENTS (KOHA)
Source of classification or shelving scheme
Koha item type Book
Suppress in OPAC MM
Holdings
Withdrawn status Lost status Source of classification or shelving scheme Damaged status Not for loan Permanent Location Current Location Shelving location Date acquired Total Checkouts Full call number Barcode Date last seen Price effective from Koha item type Public note
          AU LIBRARY AU LIBRARY Open Shelf 27.06.2021   HM1033 .F85 2006 28000285 27.06.2021 27.06.2021 Book MM

Powered by Koha